[Event "Campeonato Iberoamericano"]
[Site "Ayamonte ESP"]
[Date "2006.11.14"]
[Round "5"]
[White "Prasca, Raphael"]
[Black "Fernandes, Antonio"]
[Result "1/2-1/2"]
[WhiteElo "2448"]
[BlackElo "2453"]
[PlyCount "131"]
[EventDate "2006.11.10"]
[EventType "k.o."]
[EventRounds "9"]
[EventCountry "ESP"]
[Source "lmi"]
[SourceDate "2006.11.10"]

1. e4 d5 2. exd5 Nf6 3. d4 Bg4 4. Nf3 Nxd5 5. Be2 g6 6. h3 Bxf3 7. Bxf3 c6 8.
O-O Bg7 9. c4 Nb6 10. c5 Nd5 11. Qb3 b6 12. Nc3 e6 13. Nxd5 cxd5 14. Be3 O-O
15. Rac1 Nc6 16. Rfd1 bxc5 17. Rxc5 Qd6 18. Qa4 Ne7 19. g3 Nf5 20. Bf4 Qb6 21.
Rb5 Qc6 22. Ra5 Qb6 23. Rb5 Qc6 24. Rb4 Rfc8 25. g4 Nd6 26. Qxc6 Rxc6 27. Rc1
Rxc1+ 28. Bxc1 Rc8 29. Bf4 Nc4 30. b3 Na5 31. Ra4 Nc6 32. Be3 Rb8 33. Kf1 Rb4
34. Ra6 Rb6 35. Ra4 Rb4 36. Ra6 Rb6 37. Ra4 a5 38. Ke2 Rb4 39. Rxb4 Nxb4 40. a4
Nc2 41. Kd3 Ne1+ 42. Ke2 Nc2 43. Kd3 Nxe3 44. fxe3 Bf8 45. e4 dxe4+ 46. Kxe4
Bd6 47. Be2 Kg7 48. Bb5 Kf6 49. Kf3 Kg5 50. Bc4 Kh4 51. Kg2 h5 52. Be2 hxg4 53.
Bxg4 Kg5 54. Be2 Bf8 55. Kf3 Kh4 56. Bf1 Bd6 57. Kg2 Bb8 58. Bb5 Ba7 59. Be8 f5
60. Bf7 Bxd4 61. Bxe6 Bc5 62. Bf7 Kg5 63. Kf3 Kf6 64. Bc4 Ke5 65. Bf7 g5 66.
Bg8 1/2-1/2

[Event "Campeonato Iberoamericano"]
[Site "Ayamonte ESP"]
[Date "2006.11.15"]
[Round "6"]
[White "Perez Candelario, Manuel"]
[Black "De La Riva Aguado, Oscar"]
[Result "1/2-1/2"]
[WhiteElo "2496"]
[BlackElo "2524"]
[PlyCount "152"]
[EventDate "2006.11.10"]
[EventType "k.o."]
[EventRounds "9"]
[EventCountry "ESP"]
[Source "lmi"]
[SourceDate "2006.11.10"]

1. e4 e6 2. d4 d5 3. Nc3 Nf6 4. Bg5 dxe4 5. Nxe4 Nbd7 6. Nf3 h6 7. Nxf6+ Nxf6
8. Be3 Nd5 9. Qd2 Bd6 10. O-O-O Qe7 11. Ne5 Bd7 12. f4 Nxe3 13. Qxe3 O-O-O 14.
Be2 Be8 15. Bf3 g5 16. Kb1 c6 17. g3 Kb8 18. Rd3 gxf4 19. gxf4 Rg8 20. a4 Qc7
21. Rb3 f6 22. Nd3 Bf7 23. Nb4 Bxb4 24. Rxb4 a5 25. Rb3 e5 26. Rd3 exf4 27. Qf2
Rg5 28. b3 Qd6 29. Rf1 Bg6 30. Rdd1 Re8 31. Rde1 Re3 32. Rxe3 fxe3 33. Qxe3
Qxh2 34. Be4 Bxe4 35. Qxe4 Rg1 36. Rxg1 Qxg1+ 37. Kb2 Qg5 38. Qe8+ Ka7 39. Qd8
h5 40. d5 Qxd5 41. Qxf6 c5 42. Qh6 Qd4+ 43. Kb1 h4 44. Qh5 Qb4 45. Kc1 Qe1+ 46.
Kb2 Qf2 47. Kb1 Qd4 48. Qf3 c4 49. bxc4 Qxc4 50. Qe3+ Ka6 51. Qh6+ b6 52. Qh8
Qb4+ 53. Kc1 Qe4 54. Qc8+ Ka7 55. Qd7+ Qb7 56. Qh3 Qe7 57. Qc3 Kb8 58. Qh8+ Kb7
59. Qc3 Qd7 60. Qc4 h3 61. Qh4 Qe6 62. Qh7+ Kc6 63. Qh4 Qe3+ 64. Kb1 Kd5 65.
Ka2 Ke5 66. Qh5+ Kd4 67. Kb2 Qc3+ 68. Kb1 Qg3 69. Qh6 Kc5 70. Qh5+ Kc6 71. Qb5+
Kc7 72. Qc4+ Kb8 73. Qe6 Kb7 74. Qd7+ Kb8 75. Qd8+ Ka7 76. Qd7+ Kb8 1/2-1/2

[Event "Campeonato Iberoamericano"]
[Site "Ayamonte ESP"]
[Date "2006.11.15"]
[Round "6"]
[White "Barria, Daniel"]
[Black "Prasca, Raphael"]
[Result "1-0"]
[WhiteElo "2426"]
[BlackElo "2448"]
[PlyCount "83"]
[EventDate "2006.11.10"]
[EventType "k.o."]
[EventRounds "9"]
[EventCountry "ESP"]
[Source "lmi"]
[SourceDate "2006.11.10"]

1. d4 d5 2. c4 c6 3. Nf3 Nf6 4. Nc3 e6 5. Bg5 Nbd7 6. e3 Qa5 7. Nd2 Bb4 8. Qc2
dxc4 9. Bxf6 Nxf6 10. Nxc4 Qd8 11. Be2 O-O 12. O-O Nd5 13. Rfd1 Nxc3 14. bxc3
Be7 15. a4 Qc7 16. Bf3 Bd7 17. Ne5 Be8 18. g3 f6 19. Nd3 Bf7 20. c4 Rab8 21.
Kg2 Rfd8 22. Rab1 Bg6 23. c5 Bf7 24. h4 g6 25. Qc3 Bf8 26. a5 Bg7 27. a6 e5 28.
axb7 exd4 29. exd4 Rxb7 30. Nb4 Be8 31. d5 f5 32. Qe3 f4 33. Qxf4 Qxf4 34. gxf4
Rdb8 35. dxc6 Bxc6 36. Nxc6 Rxb1 37. Nxb8 Rxb8 38. Rd7 Bh6 39. c6 Bxf4 40. c7
Rf8 41. Bd5+ Kh8 42. Rd8 1-0

[Event "Campeonato Iberoamericano"]
[Site "Ayamonte ESP"]
[Date "2006.11.15"]
[Round "6"]
[White "Zambrana, Oswaldo"]
[Black "Lopez Martinez, Josep Manuel"]
[Result "1/2-1/2"]
[WhiteElo "2427"]
[BlackElo "2508"]
[PlyCount "110"]
[EventDate "2006.11.10"]
[EventType "k.o."]
[EventRounds "9"]
[EventCountry "ESP"]
[Source "lmi"]
[SourceDate "2006.11.10"]

1. e4 c5 2. Nf3 d6 3. d4 cxd4 4. Nxd4 Nc6 5. Nc3 e6 6. Be3 Nf6 7. Qd2 Be7 8. f3
O-O 9. O-O-O d5 10. exd5 Nxd5 11. Nxd5 Qxd5 12. Nb3 Qxd2+ 13. Bxd2 Rd8 14. Be2
Bd7 15. a3 Be8 16. Be3 Rdc8 17. f4 Rc7 18. Bf3 Rac8 19. Kb1 b6 20. Rd2 Bf6 21.
Rc1 Ne7 22. Rcd1 g6 23. Bd4 Kg7 24. Bxf6+ Kxf6 25. Nd4 Nf5 26. Be4 Nxd4 27.
Rxd4 Bc6 28. Bxc6 Rxc6 29. c3 Kf5 30. Kc2 Rc5 31. Kd3 h5 32. Ke3 R8c7 33. Rd7
f6 34. Kf3 Rc4 35. Rxc7 Rxc7 36. g3 g5 37. fxg5 Kxg5 38. Rd8 Rg7 39. h3 h4 40.
Rd4 f5 41. Rxh4 e5 42. Rh8 Rd7 43. Ke2 f4 44. g4 Kg6 45. Rh5 Kf6 46. h4 Ke6 47.
Rh6+ Kd5 48. Kf3 Kc4 49. Rc6+ Kb3 50. Re6 Rd3+ 51. Kf2 Re3 52. g5 e4 53. g6
Rf3+ 54. Ke2 Re3+ 55. Kf2 Rf3+ 1/2-1/2

[Event "Campeonato Iberoamericano"]
[Site "Ayamonte ESP"]
[Date "2006.11.15"]
[Round "6"]
[White "Vera, Reynaldo"]
[Black "Guillen Ramirez, Jose Antonio"]
[Result "1-0"]
[WhiteElo "2510"]
[BlackElo "2301"]
[PlyCount "122"]
[EventDate "2006.11.10"]
[EventType "k.o."]
[EventRounds "9"]
[EventCountry "ESP"]
[Source "lmi"]
[SourceDate "2006.11.10"]

1. d4 e6 2. c4 Nf6 3. Nc3 Bb4 4. Qc2 c5 5. dxc5 O-O 6. a3 Bxc5 7. Nf3 Nc6 8.
Bg5 Nd4 9. Nxd4 Bxd4 10. e3 Qa5 11. exd4 Qxg5 12. Qd2 Qxd2+ 13. Kxd2 d6 14. Bd3
b6 15. f3 Rd8 16. b4 Ba6 17. a4 Rac8 18. Nb5 Rd7 19. Rhc1 g6 20. Rc3 Kf8 21.
Re1 Re8 22. Kc2 Rc8 23. Kb3 Bxb5 24. axb5 Rcc7 25. Rc2 h5 26. f4 Kg7 27. Be2
Ng4 28. g3 Ne3 29. Rc3 Nf5 30. Rd3 Rd8 31. Bf1 Rb8 32. Rd2 Rbc8 33. Rc1 Ne3 34.
Bd3 h4 35. Re2 Nf5 36. Bxf5 gxf5 37. Rec2 hxg3 38. hxg3 Rb8 39. Ka4 Kf6 40. c5
d5 41. Rh1 Rg8 42. Rc3 Rb7 43. Rh7 Ke7 44. Re3 Kf6 45. Rh6+ Kg7 46. Rh5 Kf6 47.
Rh3 Rgb8 48. c6 Rc7 49. Re2 Rg8 50. Kb3 Rg6 51. Rh8 Rxg3+ 52. Kb2 Rd3 53. Rb8
Ke7 54. Rg2 Rxd4 55. Kb3 Rxf4 56. Rb7 Kd6 57. Rg8 Rf3+ 58. Ka4 Rxc6 59. Rd8+
Ke5 60. bxc6 Rc3 61. c7 a6 1-0

[Event "Campeonato Iberoamericano"]
[Site "Ayamonte ESP"]
[Date "2006.11.15"]
[Round "6"]
[White "Mekhitarian, Krikor Sevag"]
[Black "Izquierdo, Daniel"]
[Result "1-0"]
[WhiteElo "2425"]
[BlackElo "2310"]
[PlyCount "109"]
[EventDate "2006.11.10"]
[EventType "k.o."]
[EventRounds "9"]
[EventCountry "ESP"]
[Source "lmi"]
[SourceDate "2006.11.10"]

1. e4 e5 2. Nf3 d6 3. d4 Nd7 4. Bc4 c6 5. O-O Ngf6 6. dxe5 Nxe5 7. Nxe5 dxe5 8.
Bxf7+ Ke7 9. Qxd8+ Kxd8 10. Re1 Bb4 11. Bd2 Bc5 12. Be3 Nxe4 13. Bxc5 Nxc5 14.
Rxe5 Rf8 15. Bc4 Rf5 16. Re3 Rf4 17. Bd3 Nxd3 18. Rxd3+ Kc7 19. Nc3 Bf5 20. Rd2
Rd8 21. Re2 Rc4 22. a4 b6 23. Kf1 a6 24. Ke1 b5 25. axb5 axb5 26. Rd1 b4 27.
Re7+ Kc8 28. Ra1 Kb8 29. Nd1 Bxc2 30. Ne3 Rc5 31. Raa7 b3 32. Reb7+ Kc8 33.
Rxg7 Kb8 34. Rgb7+ Kc8 35. Ra8+ Kxb7 36. Rxd8 Kc7 37. Rd4 Bg6 38. Rc4 Kd6 39.
Rxc5 Kxc5 40. Kd2 Kd4 41. Nd1 Be4 42. f3 Bd3 43. Nc3 Bf1 44. g4 c5 45. Ne2+ Kc4
46. Ke3 Kb4 47. Nc3 Kc4 48. h4 h5 49. gxh5 Bh3 50. h6 Bf5 51. Ne4 Kb4 52. Kd2
c4 53. Nf6 c3+ 54. Kc1 Kc4 55. h7 1-0

[Event "Campeonato Iberoamericano"]
[Site "Ayamonte ESP"]
[Date "2006.11.15"]
[Round "6"]
[White "Narciso Dublan, Marc"]
[Black "Mecking, Henrique"]
[Result "1-0"]
[WhiteElo "2511"]
[BlackElo "2565"]
[PlyCount "77"]
[EventDate "2006.11.10"]
[EventType "k.o."]
[EventRounds "9"]
[EventCountry "ESP"]
[Source "lmi"]
[SourceDate "2006.11.10"]

1. e4 c5 2. Nc3 Nc6 3. Nge2 d6 4. d4 cxd4 5. Nxd4 e6 6. Be3 Nf6 7. Qd2 Be7 8.
f3 O-O 9. g4 d5 10. g5 Ne8 11. Rg1 Nc7 12. O-O-O Bd7 13. exd5 Nxd5 14. Nxd5
exd5 15. Kb1 Rc8 16. h4 Re8 17. Nxc6 bxc6 18. Bd3 c5 19. Bxh7+ Kxh7 20. Qxd5
Bd6 21. Qxd6 Rxe3 22. g6+ Kh8 23. gxf7 Qf8 24. Qxd7 Re7 25. Rg5 Rxf7 26. Rh5+
Kg8 27. Qd5 Qe7 28. Qd3 Qe6 29. Qh7+ Kf8 30. Rxc5 Re8 31. Qh8+ Ke7 32. Qh5 Kf8
33. b3 Kg8 34. Rcd5 Ref8 35. Rd8 Qf6 36. Qd5 Kh7 37. Qe4+ Kg8 38. Rxf8+ Rxf8
39. Rd7 1-0

[Event "Campeonato Iberoamericano"]
[Site "Ayamonte ESP"]
[Date "2006.11.15"]
[Round "6"]
[White "Perera Casina, Antonio"]
[Black "Fernandes, Antonio"]
[Result "0-1"]
[WhiteElo "2124"]
[BlackElo "2453"]
[PlyCount "48"]
[EventDate "2006.11.10"]
[EventType "k.o."]
[EventRounds "9"]
[EventCountry "ESP"]
[Source "lmi"]
[SourceDate "2006.11.10"]

1. Nf3 g6 2. g3 Bg7 3. Bg2 e5 4. d3 Ne7 5. e4 d6 6. O-O O-O 7. c3 c5 8. Nh4
Nec6 9. Qe1 b6 10. Na3 Re8 11. f4 Ba6 12. Qd1 exf4 13. Rxf4 Ne5 14. d4 cxd4 15.
cxd4 Nd3 16. e5 dxe5 17. Bxa8 exf4 18. Nf3 fxg3 19. hxg3 Nd7 20. Bd5 N7e5 21.
dxe5 Qxd5 22. Nc2 Bb7 23. Ncd4 Nxe5 24. Kg2 Nxf3 0-1

[Event "Campeonato Iberoamericano"]
[Site "Ayamonte ESP"]
[Date "2006.11.15"]
[Round "6"]
[White "Zuluaga, Cesar"]
[Black "Fernandez Romero, Ernesto"]
[Result "1/2-1/2"]
[WhiteElo "2278"]
[BlackElo "2442"]
[PlyCount "138"]
[EventDate "2006.11.10"]
[EventType "k.o."]
[EventRounds "9"]
[EventCountry "ESP"]
[Source "lmi"]
[SourceDate "2006.11.10"]

1. d4 Nf6 2. Nf3 d6 3. c4 g6 4. Nc3 Bf5 5. Nh4 Bd7 6. g3 e5 7. dxe5 dxe5 8. Bg2
c6 9. Nf3 Qc7 10. Qb3 Bc8 11. O-O Nbd7 12. Qc2 a5 13. h3 Nc5 14. e4 Ne6 15. Be3
Bc5 16. Bxc5 Nxc5 17. Rfe1 O-O 18. Rad1 Be6 19. Na4 Nxa4 20. Qxa4 Nd7 21. Qc2
Nc5 22. b3 Rfd8 23. g4 h6 24. a3 f6 25. b4 axb4 26. axb4 Na6 27. Qc3 c5 28. b5
Nb4 29. Bf1 g5 30. Ra1 Rxa1 31. Rxa1 Qh7 32. Nd2 b6 33. Be2 Qb7 34. f3 h5 35.
Nf1 hxg4 36. hxg4 Qd7 37. Rd1 Qc7 38. Ra1 Qd7 39. Rd1 Qc8 40. Ra1 Rd7 41. Ne3
Kg7 42. Kg2 Qb8 43. Nd5 Bxd5 44. cxd5 Kg6 45. Bc4 Rh7 46. Rh1 Rxh1 47. Kxh1 Kg7
48. Qd2 Qd6 49. Kg1 Kf8 50. Qh2 Kg7 51. Qd2 Kf8 52. Kf2 Ke7 53. Qd1 Kd8 54. Ke2
Kc7 55. Kd2 Kb8 56. Qh1 Kc7 57. Qh8 Kb7 58. Qg7+ Kb8 59. Qg8+ Kb7 60. Qf7+ Kb8
61. Kc3 Kc8 62. Qe8+ Kb7 63. Kb3 Kc7 64. Qa8 Kd7 65. Qg8 Kc7 66. Qa8 Kd7 67.
Kc3 Kc7 68. Qe8 Kb7 69. Qf7+ Kb8 1/2-1/2

[Event "Campeonato Iberoamericano"]
[Site "Ayamonte ESP"]
[Date "2006.11.15"]
[Round "6"]
[White "Campora, Daniel H"]
[Black "Granda Zuniga, Julio E"]
[Result "1/2-1/2"]
[WhiteElo "2530"]
[BlackElo "2646"]
[PlyCount "78"]
[EventDate "2006.11.10"]
[EventType "k.o."]
[EventRounds "9"]
[EventCountry "ESP"]
[Source "lmi"]
[SourceDate "2006.11.10"]

1. e4 c5 2. Nf3 d6 3. d4 cxd4 4. Nxd4 Nf6 5. Nc3 a6 6. Bg5 e6 7. f4 Be7 8. Qf3
O-O 9. O-O-O Qc7 10. g4 Nc6 11. f5 Ne5 12. Qg3 Nfxg4 13. h4 h6 14. Bf4 h5 15.
Be2 b5 16. Rd2 b4 17. Nd1 Nc4 18. Bxc4 Qxc4 19. b3 Qc5 20. Bg5 Ra7 21. Rf1 exf5
22. exf5 Bxg5 23. hxg5 Re8 24. Kb1 Rae7 25. g6 fxg6 26. fxg6 Nf6 27. Rd3 Re4
28. Rf4 Rxf4 29. Qxf4 Re4 30. Qd2 Rg4 31. Kb2 Rxg6 32. c3 Ne4 33. Qc2 a5 34.
cxb4 axb4 35. Nc6 Kh7 36. Ne3 Qxc2+ 37. Nxc2 Rg2 38. Rd4 Bf5 39. N6xb4 h4
1/2-1/2

[Event "Campeonato Iberoamericano"]
[Site "Ayamonte ESP"]
[Date "2006.11.15"]
[Round "6"]
[White "Teran Alvarez, Ismael"]
[Black "Mateo, Ramon"]
[Result "0-1"]
[WhiteElo "2413"]
[BlackElo "2415"]
[PlyCount "68"]
[EventDate "2006.11.10"]
[EventType "k.o."]
[EventRounds "9"]
[EventCountry "ESP"]
[Source "lmi"]
[SourceDate "2006.11.10"]

1. e4 c5 2. Nf3 a6 3. Nc3 e6 4. d4 cxd4 5. Nxd4 Qc7 6. Bd3 Bc5 7. Nb3 Be7 8.
O-O Nf6 9. a4 b6 10. f4 Bb7 11. Qe2 g6 12. Be3 d6 13. a5 b5 14. Bb6 Qc8 15. e5
dxe5 16. fxe5 Nfd7 17. Be4 Nc6 18. Kh1 O-O 19. Be3 Ncxe5 20. Bh6 Re8 21. Nd4
Bxe4 22. Nxe4 Qc4 23. Qf2 f5 24. b3 Qd5 25. Nc3 Qc5 26. Qd2 Ng4 27. Nde2 Nxh6
28. Qxh6 Nf6 29. h3 Bd6 30. Rae1 Nh5 31. Qg5 Be7 32. Qc1 Bh4 33. Rd1 b4 34. Na4
Qe5 0-1

[Event "Campeonato Iberoamericano"]
[Site "Ayamonte ESP"]
[Date "2006.11.15"]
[Round "6"]
[White "Peralta, Fernando"]
[Black "Barrero Garcia, Carlos"]
[Result "1/2-1/2"]
[WhiteElo "2574"]
[BlackElo "2313"]
[PlyCount "82"]
[EventDate "2006.11.10"]
[EventType "k.o."]
[EventRounds "9"]
[EventCountry "ESP"]
[Source "lmi"]
[SourceDate "2006.11.10"]

1. d4 Nf6 2. c4 g6 3. Nc3 Bg7 4. e4 d6 5. Nf3 O-O 6. Be2 e5 7. O-O Na6 8. Be3
Ng4 9. Bg5 Qe8 10. dxe5 dxe5 11. h3 h6 12. Bd2 Nf6 13. Be3 b6 14. a3 Bb7 15.
Qc2 Nc5 16. Bxc5 bxc5 17. Nd5 Qb8 18. Rfd1 Rd8 19. Nd2 a5 20. Qa4 Ra6 21. Bf3
Kh7 22. Rab1 Bc6 23. Qc2 a4 24. Nf1 Nd7 25. Ne7 Ba8 26. b4 axb3 27. Rxb3 Nb6
28. Nd5 Bc6 29. Nxb6 cxb6 30. Rxd8 Qxd8 31. Qb1 Ba4 32. Rd3 Qa8 33. Ne3 Bc6 34.
Rb3 Bf6 35. Ng4 Bg7 36. Ne3 Bf6 37. Kh2 Bg5 38. Qb2 Bxe3 39. Rxe3 Qb8 40. Rd3
Ra4 41. Qc3 Qc7 1/2-1/2

[Event "Campeonato Iberoamericano"]
[Site "Ayamonte ESP"]
[Date "2006.11.16"]
[Round "7"]
[White "De La Riva Aguado, Oscar"]
[Black "Perez Candelario, Manuel"]
[Result "1/2-1/2"]
[WhiteElo "2524"]
[BlackElo "2496"]
[PlyCount "74"]
[EventDate "2006.11.10"]
[EventType "k.o."]
[EventRounds "9"]
[EventCountry "ESP"]
[Source "lmi"]
[SourceDate "2006.11.10"]

1. e4 e5 2. Nf3 Nc6 3. d4 exd4 4. Nxd4 Nf6 5. Nxc6 bxc6 6. e5 Qe7 7. Qe2 Nd5 8.
c4 Ba6 9. b3 g5 10. g3 Bg7 11. Bb2 O-O-O 12. Nd2 Rhe8 13. O-O-O Nb6 14. f4 gxf4
15. gxf4 f6 16. exf6 Bxf6 17. Qxe7 Bxb2+ 18. Kxb2 Rxe7 19. Bh3 Rf8 20. Rhe1
Rxe1 21. Rxe1 Rxf4 22. Re8+ Kb7 23. Ne4 d6 24. c5 Bd3 25. cxd6 cxd6 26. Re7+
Ka6 27. Nxd6 Rf2+ 28. Ka3 Bb1 29. Bc8+ Nxc8 30. Nxc8 c5 31. b4 cxb4+ 32. Kxb4
Rb2+ 33. Ka3 Rxa2+ 34. Kb4 Rb2+ 35. Ka3 Ra2+ 36. Kb4 Rb2+ 37. Ka3 Ra2+ 1/2-1/2

[Event "Campeonato Iberoamericano"]
[Site "Ayamonte ESP"]
[Date "2006.11.16"]
[Round "7"]
[White "Prasca, Raphael"]
[Black "Barria, Daniel"]
[Result "1-0"]
[WhiteElo "2448"]
[BlackElo "2426"]
[PlyCount "203"]
[EventDate "2006.11.10"]
[EventType "k.o."]
[EventRounds "9"]
[EventCountry "ESP"]
[Source "lmi"]
[SourceDate "2006.11.10"]

1. e4 c5 2. Nf3 e6 3. d4 cxd4 4. Nxd4 a6 5. Nc3 Qc7 6. g3 Bb4 7. Bd2 Nf6 8. Bg2
Nc6 9. Nb3 Be7 10. O-O d6 11. f4 O-O 12. g4 Re8 13. g5 Nd7 14. Qh5 Bf8 15. Qh4
g6 16. Rf3 Bg7 17. f5 Nce5 18. Rh3 h5 19. gxh6 Bf6 20. h7+ Kh8 21. Bg5 Qd8 22.
Rg3 Bxg5 23. Rxg5 Nf6 24. fxg6 fxg6 25. Rg3 Nh5 26. Qxd8 Rxd8 27. Re3 Kxh7 28.
Bf1 b5 29. Na5 Rb8 30. Rd1 Kg7 31. Ne2 Nf6 32. Nd4 Bd7 33. Bh3 Re8 34. Nf3
Nxf3+ 35. Rxf3 Nxe4 36. Re3 d5 37. Rxe4 dxe4 38. Rxd7+ Kf6 39. Bg2 Red8 40.
Rxd8 Rxd8 41. Bxe4 Rd4 42. Bd3 Ra4 43. Nc6 Rxa2 44. b4 g5 45. Kg2 e5 46. Kf3
Ra1 47. Nb8 a5 48. bxa5 Rxa5 49. Nc6 Ra3 50. Ke4 Ra4+ 51. Kd5 Rh4 52. Nxe5 g4
53. Kd6 g3 54. Nd7+ Kg5 55. hxg3 Rd4+ 56. Kc6 b4 57. Nc5 Kg4 58. Kb5 Kxg3 59.
Bc4 Rd1 60. Kxb4 Rc1 61. Bb3 Rxc2 62. Bxc2 Kf4 63. Kc4 Ke5 64. Bd3 Kf6 65. Kd5
Ke7 66. Bf5 Kf6 67. Ke4 Ke7 68. Ke5 Kf7 69. Be6+ Kg6 70. Nd7 Kg7 71. Kf5 Kh7
72. Bf7 Kg7 73. Ke6 Kh7 74. Kf6 Kh8 75. Be6 Kh7 76. Nc5 Kh8 77. Ne4 Kh7 78.
Ng5+ Kh8 79. Nf7+ Kh7 80. Bf5+ Kg8 81. Bg6 Kf8 82. Be4 Kg8 83. Bf5 Kf8 84. Nh6
Ke8 85. Be6 Kf8 86. Nf5 Ke8 87. Nh4 Kf8 88. Ng6+ Ke8 89. Ke5 Kd8 90. Kd6 Ke8
91. Bd5 Kd8 92. Bf7 Kc8 93. Bd5 Kd8 94. Bc6 Kc8 95. Nf4 Kd8 96. Ne6+ Kc8 97.
Kc5 Kb8 98. Kb6 Kc8 99. Bb5 Kb8 100. Bd7 Ka8 101. Nc5 Kb8 102. Na6+ 1-0

[Event "Campeonato Iberoamericano"]
[Site "Ayamonte ESP"]
[Date "2006.11.16"]
[Round "7"]
[White "Lopez Martinez, Josep Manuel"]
[Black "Zambrana, Oswaldo"]
[Result "1-0"]
[WhiteElo "2508"]
[BlackElo "2427"]
[PlyCount "57"]
[EventDate "2006.11.10"]
[EventType "k.o."]
[EventRounds "9"]
[EventCountry "ESP"]
[Source "lmi"]
[SourceDate "2006.11.10"]

1. e4 c5 2. Nf3 d6 3. d4 cxd4 4. Nxd4 Nf6 5. Nc3 a6 6. Be3 e6 7. f3 Nbd7 8. g4
h6 9. Qd2 b5 10. O-O-O Bb7 11. h4 b4 12. Na4 Qa5 13. b3 d5 14. e5 Ng8 15. f4
Nc5 16. f5 Nxa4 17. bxa4 Qxa4 18. Kb1 Rc8 19. Bh3 Bc5 20. g5 Bxd4 21. Bxd4 Rc6
22. f6 hxg5 23. hxg5 Rh4 24. Qf2 Rc3 25. g6 Rf4 26. gxf7+ Kxf7 27. Qxf4 Qxc2+
28. Ka1 Ra3 29. fxg7+ 1-0

[Event "Campeonato Iberoamericano"]
[Site "Ayamonte ESP"]
[Date "2006.11.16"]
[Round "7"]
[White "Mecking, Henrique"]
[Black "Mekhitarian, Krikor Sevag"]
[Result "1-0"]
[WhiteElo "2565"]
[BlackElo "2425"]
[PlyCount "105"]
[EventDate "2006.11.10"]
[EventType "k.o."]
[EventRounds "9"]
[EventCountry "ESP"]
[Source "lmi"]
[SourceDate "2006.11.10"]

1. d4 Nf6 2. c4 e6 3. Nf3 b6 4. g3 Bb7 5. Bg2 Be7 6. Nc3 Ne4 7. Bd2 O-O 8. O-O
Nxd2 9. Qxd2 d6 10. d5 e5 11. e4 Nd7 12. Ne1 Bf6 13. Nc2 a5 14. Rae1 Ba6 15. b3
Qb8 16. Nb5 Nc5 17. Nca3 Re8 18. f4 Bb7 19. f5 Qd8 20. Nc3 Kf8 21. Nc2 Ke7 22.
h4 h5 23. Bf3 Rh8 24. Qe2 g6 25. Bg2 Qg8 26. fxg6 fxg6 27. Nb5 g5 28. Nxc7 Rc8
29. Nb5 gxh4 30. Nxd6 Kxd6 31. Rxf6+ Kc7 32. gxh4 Qg3 33. Qf2 Qxf2+ 34. Rxf2
Nd3 35. Rf7+ Kb8 36. Re3 Nf4 37. Ne1 Rcg8 38. Kf2 Rg4 39. Rg3 Rhg8 40. Rxg4
hxg4 41. Rf5 Bc8 42. Rxe5 Rf8 43. Ke3 Ng6 44. Rh5 Nf4 45. Rg5 Nxg2+ 46. Nxg2
Rf3+ 47. Ke2 a4 48. Ne3 a3 49. e5 Rh3 50. e6 Rh2+ 51. Kd3 Rxa2 52. Nc2 Rb2 53.
Kc3 1-0

[Event "Campeonato Iberoamericano"]
[Site "Ayamonte ESP"]
[Date "2006.11.16"]
[Round "7"]
[White "Guillen Ramirez, Jose Antonio"]
[Black "Perera Casina, Antonio"]
[Result "1/2-1/2"]
[WhiteElo "2301"]
[BlackElo "2124"]
[PlyCount "33"]
[EventDate "2006.11.10"]
[EventType "k.o."]
[EventRounds "9"]
[EventCountry "ESP"]
[Source "lmi"]
[SourceDate "2006.11.10"]

1. b3 Nf6 2. Bb2 g6 3. Nf3 Bg7 4. g3 O-O 5. Bg2 d6 6. O-O e5 7. d3 Nbd7 8. c4
c6 9. Nbd2 Re8 10. Rc1 a5 11. a3 Nc5 12. b4 axb4 13. axb4 e4 14. dxe4 Ncxe4 15.
Nxe4 Nxe4 16. Bxg7 Kxg7 17. Ra1 1/2-1/2

[Event "Campeonato Iberoamericano"]
[Site "Ayamonte ESP"]
[Date "2006.11.16"]
[Round "7"]
[White "Fernandez Romero, Ernesto"]
[Black "Campora, Daniel H"]
[Result "1/2-1/2"]
[WhiteElo "2442"]
[BlackElo "2530"]
[PlyCount "21"]
[EventDate "2006.11.10"]
[EventType "k.o."]
[EventRounds "9"]
[EventCountry "ESP"]
[Source "lmi"]
[SourceDate "2006.11.10"]

1. e4 e5 2. Nf3 Nc6 3. Bb5 Nf6 4. O-O d6 5. d4 Bd7 6. Nc3 Be7 7. Bxc6 Bxc6 8.
Qd3 Nd7 9. b3 O-O 10. Bb2 Bf6 11. Nd5 1/2-1/2

[Event "Campeonato Iberoamericano"]
[Site "Ayamonte ESP"]
[Date "2006.11.16"]
[Round "7"]
[White "Mateo, Ramon"]
[Black "Peralta, Fernando"]
[Result "1-0"]
[WhiteElo "2415"]
[BlackElo "2574"]
[PlyCount "82"]
[EventDate "2006.11.10"]
[EventType "k.o."]
[EventRounds "9"]
[EventCountry "ESP"]
[Source "lmi"]
[SourceDate "2006.11.10"]

1. e4 d6 2. d4 Nf6 3. Nc3 g6 4. Be3 c6 5. h3 Bg7 6. f4 Qb6 7. a3 Nh5 8. Kf2
Nxf4 9. Bxf4 e5 10. Bc1 exd4 11. Na2 f5 12. exf5 d3+ 13. Ke1 Bd4 14. Bxd3 Bxg1
15. Qe2+ Kd7 16. Nc3 Re8 17. Ne4 Kc7 18. f6 Bf5 19. f7 Rf8 20. Ng5 Bd7 21. Qf1
Bd4 22. Nxh7 Qa5+ 23. c3 Bxc3+ 24. bxc3 Qxc3+ 25. Kd1 Qb3+ 26. Kd2 Rxf7 27. Nf6
Bf5 28. Bxf5 Rxf6 29. Qd3 Qf7 30. Bg4 Na6 31. Kc3 Nc5 32. Qc4 Qg7 33. Kc2 Rf2+
34. Kb1 b5 35. Qb4 a5 36. Bb2 Qh7 37. Qd4 g5+ 38. Ka2 Qf7+ 39. Kb1 Qg6+ 40. Ka2
Qf7+ 41. Kb1 Qg6+ 1-0

[Event "Campeonato Iberoamericano"]
[Site "Ayamonte ESP"]
[Date "2006.11.17"]
[Round "8"]
[White "De La Riva Aguado, Oscar"]
[Black "Matamoros Franco, Carlos S"]
[Result "1/2-1/2"]
[WhiteElo "2524"]
[BlackElo "2534"]
[PlyCount "29"]
[EventDate "2006.11.10"]
[EventType "k.o."]
[EventRounds "9"]
[EventCountry "ESP"]
[Source "lmi"]
[SourceDate "2006.11.10"]

1. e4 e5 2. Nf3 Nc6 3. Bb5 Nf6 4. O-O Nxe4 5. d4 Nd6 6. Bxc6 dxc6 7. dxe5 Nf5
8. Qxd8+ Kxd8 9. Nc3 h6 10. h3 Bd7 11. b3 Kc8 12. Bb2 Ne7 13. Rad1 Ng6 14. Rfe1
a5 15. a3 1/2-1/2

[Event "Campeonato Iberoamericano"]
[Site "Ayamonte ESP"]
[Date "2006.11.17"]
[Round "8"]
[White "Lopez Martinez, Josep Manuel"]
[Black "Barria, Daniel"]
[Result "1-0"]
[WhiteElo "2508"]
[BlackElo "2426"]
[PlyCount "77"]
[EventDate "2006.11.10"]
[EventType "k.o."]
[EventRounds "9"]
[EventCountry "ESP"]
[Source "lmi"]
[SourceDate "2006.11.10"]

1. e4 c5 2. Nf3 e6 3. Nc3 a6 4. g3 b5 5. Bg2 Bb7 6. d3 d6 7. O-O Nf6 8. Ng5
Nbd7 9. f4 h6 10. Nh3 b4 11. Nb1 c4 12. Be3 Be7 13. Nf2 cxd3 14. cxd3 e5 15. d4
O-O 16. Nd2 exd4 17. Bxd4 Re8 18. e5 Nd5 19. exd6 Bxd6 20. Nc4 Bf8 21. Bxg7
Bxg7 22. Bxd5 Bxd5 23. Qxd5 Nf6 24. Qxd8 Raxd8 25. Rad1 h5 26. Rxd8 Rxd8 27.
Rd1 Rc8 28. b3 Re8 29. Rd6 Re2 30. Rd2 Re1+ 31. Kg2 Ng4 32. Nd3 Ra1 33. Nde5
Bxe5 34. fxe5 Re1 35. h3 Nxe5 36. Kf2 Re4 37. Nd6 Ng4+ 38. hxg4 Rxg4 39. Nf5
1-0

[Event "Campeonato Iberoamericano"]
[Site "Ayamonte ESP"]
[Date "2006.11.17"]
[Round "8"]
[White "Mekhitarian, Krikor Sevag"]
[Black "Fernandes, Antonio"]
[Result "1/2-1/2"]
[WhiteElo "2425"]
[BlackElo "2453"]
[PlyCount "105"]
[EventDate "2006.11.10"]
[EventType "k.o."]
[EventRounds "9"]
[EventCountry "ESP"]
[Source "lmi"]
[SourceDate "2006.11.10"]

1. e4 e5 2. Nf3 Nf6 3. Nxe5 d6 4. Nxf7 Kxf7 5. d4 c6 6. Nc3 g6 7. Qf3 Bg7 8.
Bc4+ d5 9. exd5 Re8+ 10. Be3 Kf8 11. O-O Bg4 12. Qg3 cxd5 13. Nxd5 Be6 14. Nxf6
Qxf6 15. Qd6+ Kg8 16. Bg5 Qxg5 17. Rfe1 Kh8 18. Rxe6 Nc6 19. c3 Rxe6 20. Qxe6
Qd2 21. Qe2 Qxe2 22. Bxe2 Re8 23. Kf1 Bf8 24. Rd1 Bd6 25. g3 Kg7 26. Rd3 Nd8
27. Re3 Re7 28. Bf3 b6 29. Ke2 Ne6 30. Bd5 Nc7 31. Bc6 Kf6 32. Kd3 h5 33. h4
Rxe3+ 34. Kxe3 Ke6 35. Ke4 Bf8 36. Ba4 Bh6 37. Bd1 Bc1 38. b3 Bd2 39. c4 Be1
40. Ke3 Bb4 41. g4 hxg4 42. Bxg4+ Kf6 43. h5 gxh5 44. Bxh5 Ne6 45. Bg4 Nxd4 46.
Kxd4 Bc5+ 47. Kd5 Bxf2 48. b4 Be1 49. a3 a5 50. c5 axb4 51. c6 Bg3 52. axb4 Ke7
53. c7 1/2-1/2